Mimovládne (neziskové) organizácie a vybrané legislatívne úpravy zákona o dani z príjmov

Bibliographic Details
Main Author: Stričík, Michal, 1969- (Author)
Format: Article
Language:Slovak
Subjects:

MARC

LEADER 00000nab a2200000 a 4500
001 vtls000881669
003 SK-MaSNL
005 20260304112122.0
008 250429c2004 xo 0 slo
015 |a SNBRB2004/08-22877 
035 |a CLN000233176 
035 |a urn:nbn:sk:snk-ab73tu 
035 |a (uuid)dcdaa86d-95cd-4fbd-9e97-f2022a018990 
035 |a (urnnbn)urn:nbn:sk:snk:ar-a06sax 
035 |a (sysno)vtls000881669 
040 |a SNKBUCL  |b slo  |c SNKBUCL  |e AACR2 
041 0 |a slo 
044 |a xo  |c SK 
080 |a 336.226.1:061.2  |2 1997 
080 |a 061.2  |2 1997 
100 1 |a Stričík, Michal,  |d 1969-  |4 aut  |9 159882 
245 1 0 |a Mimovládne (neziskové) organizácie a vybrané legislatívne úpravy zákona o dani z príjmov  |c Michal Stričík 
650 0 7 |a mimovládne organizácie  |2 SNKPH  |9 194400 
650 0 7 |a dane z príjmov  |2 SNKPH  |9 2125 
655 7 |a články z novín a časopisov  |2 SNK  |9 267496 
773 0 |t Dane a účtovníctvo v praxi  |g Roč. 9, č. 8 (2004), s. 8-9  |x 1335-7034 
850 |a Slovenská národná knižnica 
852 |a Slovenská národná knižnica 
954 |a odborná, vedecká literatúra pôvodná (slovenská)  |2 lita 
958 |a article27 
958 |a OND 
958 |a EUIPO 
992 |a RBX 
999 |c 2864310  |d 2866240